| 000 | 00884nam a22002297a 4500 | ||
|---|---|---|---|
| 003 | URS | ||
| 005 | 20230810095649.0 | ||
| 008 | 230228b |||||||| |||| 00| 0 eng d | ||
| 043 | _aURS | ||
| 100 |
_93867 _aJayvee C. Bauista _eAuthor |
||
| 245 |
_aDebt Financing Management of Eatery Business in Binangonan, Rizal Calendar Year 2022 _cJayvee C. Bautista, James Eirho R. Francisco, Chris Ignacio S. Picones Jr. |
||
| 260 | _c2022 | ||
| 300 |
_axiii, 86 leaves; _c28 cm. |
||
| 336 |
_2rdacontent _atext |
||
| 337 |
_2rdamedia _aunmediated |
||
| 338 |
_2rdacarrier _avolume |
||
| 502 |
_aUndergraduate Thesis _bBachelor of Science in Accountancy _cUniversity of Rizal System, Binangonan _d2022 |
||
| 700 |
_93868 _aJames Eirho R. Francisco _eAuthor |
||
| 700 |
_93869 _aChris Ignacio S. Picones Jr. _eAuthor |
||
| 700 |
_aAldrin B. Boca, M.Ed.CDII Cand. _eadviser _92669 |
||
| 942 |
_2lcc _cT |
||
| 999 |
_c68307 _d68307 |
||